LDR 01198naa#a2200229#i#450# 001 RU\\bibl\121464 005 20260514110230.4 011 ## _a1994-4683 100 ## _a20230531b2023####ek#y0rusy0150####ca 102 ## _aRU 200 1# _aСТРУКТУРА ПРОФЕССИОНАЛЬНО-ПРИКЛАДНОЙ ФИЗИЧЕСКОЙ ПОДГОТОВКИ СТУДЕНТОВ-ТЕЛЕОПЕРАТОРОВ _eЖурнальная статья 210 1# _aМосква _cНациональный государственный Университет физической культуры, спорта и здоровья им. П.Ф. Лесгафта _d2023 215 ## _a6 с. 608 ## _aЖурнальная статья _2local 675 ## _aМетодика физического воспитания. Пути и средства физического воспитания. Учебные заведения физической культуры. 796.011.3 _z 700 #1 _aСомкин _gА А 700 #1 _aСтепанов _gВ С 700 #1 _aКочергин _gИ А 700 #1 _aОнучин _gЛ А 700 #1 _aТерещенко _gА С 700 #1 _aПевзнер _gМ Е 856 4# _auchzapiski.lesgaft.spb.ru _u